01336nam a2200313 a 4500001001000000003000500010005001700015008004100032010001100073011001100084040000900095090001000104100004600114245018300160260004100343500006000384502013100444590004000575590004000615650005500655650004400710650004200754856007000796901000700866942001000873942000600883999001900889952011400908000116149CHAP20220329144603.0190920s2019 mx | |sm |||||||spa d a112610 a113582 cCHAP aTesis1 aVázquez Muñoz, Juan Salvador.913347410aDeterminación no paramétrica de las eficiencias a escala y de los retornos a escala de los ingenios azucareros de Méxicoh[En línea]cpor Juan Salvador Vázquez Muñoz. aChapingo, Méx. :bEl autor,c2019. aPara ver el contenido del material haga clic en la liga aTesis (M. C. en Economía Agrícola y de los Recursos Naturales) -- UACH. División de Ciencias Económico-Administrativas aE6337LMJb05c20190920lUCH01h1451 aE6337LMJb05c20190920lUCH01h145314aCaña de azúcarxCostos de producción.91859214aCaña de azúcarxRendimiento.91864314aIngenios azucarerosxMéxico.958311 aFinding aiduhttp://10.13.5.2/tesis/sist116149.pdfzTeclea aquí aBK cTESIS n0 c112610d112610 00102local40718TESISaBCbBCd2019-09-20fTESISl0oTesisp116161-10r2019-12-31 00:00:00w2019-09-20yCD